| 000 | 01632cpcaa2200361 4500 | ||
|---|---|---|---|
| 001 | mm 80014910 | ||
| 003 | DLC | ||
| 005 | 20260227111704.0 | ||
| 007 | cr ||||||||||| | ||
| 008 | 810119|||||||||||| eng | ||
| 010 | _amm 80014910 | ||
| 040 |
_aDLC _cDLC _edacs _dDLC |
||
| 072 | 7 |
_aN _2lcmd |
|
| 245 | 0 | 0 |
_aCampbell-Preston-Floyd families papers, _f1741-1931. |
| 300 |
_a5,000 _fitems. |
||
| 300 |
_a15 _fcontainers plus _a1 _foversize. |
||
| 300 |
_a7 _fmicrofilm reels. |
||
| 506 | 0 | _aOpen to research. | |
| 520 | 8 | _aCorrespondence, account books, survey books, memoranda, bills, receipts, and other papers pertaining to members of the Campbell, Preston, and Floyd families of southwestern Virginia. | |
| 530 |
_aMicrofilm edition available, _dno. 8,065 (no. 13,270). |
||
| 533 |
_aMicrofilm produced from originals in the Manuscript Division. _bWashington, D.C. : _cLibrary of Congress Photoduplication Service, _d1945. |
||
| 546 | _aCollection material in English. | ||
| 555 | 8 |
_aFinding aid available in the Library of Congress Manuscript Reading Room and at _uhttp://hdl.loc.gov/loc.mss/eadmss.ms010262 |
|
| 600 | 3 | 0 | _aCampbell family. |
| 600 | 3 | 0 | _aFloyd family. |
| 600 | 3 | 0 | _aPreston family. |
| 651 | 0 |
_aVirginia _xSocial life and customs. |
|
| 856 | 4 |
_3Finding aid _uhttp://hdl.loc.gov/loc.mss/eadmss.ms010262 |
|
| 856 | 4 |
_3Finding aid (PDF) _uhttp://hdl.loc.gov/loc.mss/eadmss.ms010262.3 |
|
| 999 |
_c42847 _d42847 |
||